Ginuwine Discography - Statistics

General Stats
  • This quiz has been taken 7 times
  • The average score is 7 of 13
Answer Stats
Year Name Type % Correct
2003 The Senior Album
100%
2005 Back II da Basics Album
75%
2011 Elgin Album
75%
1996 Ginuwine...the Bachelor Album
75%
1999 100% Ginuwine Album
50%
2009 A Man's Thoughts Album
50%
2006 Greatest Hits Compilation
50%
2007 I Apologize Compilation
50%
2008 Playlist: The Very Best of Ginuwine Compilation
50%
2011 S.O.U.L. Compilation
50%
2001 The Life Album
50%
2013 Three Kings Album (Group)
50%
TBA Same Ol' G...the Bachelor Album
0%
No matching quizzes found
Score Distribution
Percent of People with Each Score
Percentile by Number Answered
Your Score History
You have not taken this quiz